000 00297nam a22001337a 4500
008 170719b xxu||||| |||| 00| 0 eng d
020 _a0517203340
041 _aeng
080 _a2
100 _a24
101 _aTEO
245 _aPOWER STRATEGIES OF JESUS CHRIST
_cOLSON, H.A
942 _2udc
_cBK
999 _c21552
_d21552